Strategies and lessons for culturally responsive teaching : (Record no. 1377)
[ view plain ]
| 000 -LEADER | |
|---|---|
| fixed length control field | 00796nam a22002177a 4500 |
| 003 - CONTROL NUMBER IDENTIFIER | |
| control field | OSt |
| 005 - DATE AND TIME OF LATEST TRANSACTION | |
| control field | 20160913114045.0 |
| 008 - FIXED-LENGTH DATA ELEMENTS--GENERAL INFORMATION | |
| fixed length control field | 160322b xxu||||| |||| 00| 0 eng d |
| 020 ## - INTERNATIONAL STANDARD BOOK NUMBER | |
| International Standard Book Number | 978-0-13-171508 |
| 040 ## - CATALOGING SOURCE | |
| Transcribing agency | LIC |
| 082 ## - DEWEY DECIMAL CLASSIFICATION NUMBER | |
| Edition number | 2010 |
| Classification number | DC 370.1170973 |
| Item number | C38 |
| 100 ## - MAIN ENTRY--PERSONAL NAME | |
| 9 (RLIN) | 4131 |
| Personal name | Chartock, Roselle Kline |
| 245 ## - TITLE STATEMENT | |
| Title | Strategies and lessons for culturally responsive teaching : |
| Remainder of title | a primer for K-12 teachers / |
| Statement of responsibility, etc. | Roselle Kline Chartock. |
| 260 ## - PUBLICATION, DISTRIBUTION, ETC. (IMPRINT) | |
| Place of publication, distribution, etc. | Boston : |
| Name of publisher, distributor, etc. | Pearson, |
| Date of publication, distribution, etc. | c2010. |
| 300 ## - PHYSICAL DESCRIPTION | |
| Extent | xvi, 224 pages : |
| Other physical details | illustrations ; |
| Dimensions | 28 cm. |
| 365 ## - TRADE PRICE | |
| Price amount | 3,738.90 |
| Currency code | Php |
| 500 ## - GENERAL NOTE | |
| General note | Includes bibliographical references and index. |
| 650 #0 - SUBJECT ADDED ENTRY--TOPICAL TERM | |
| 9 (RLIN) | 4133 |
| Topical term or geographic name as entry element | Multicultural education |
| General subdivision | Curricula |
| Geographic subdivision | United States |
| 650 #0 - SUBJECT ADDED ENTRY--TOPICAL TERM | |
| 9 (RLIN) | 4134 |
| Topical term or geographic name as entry element | Cultural pluralism |
| General subdivision | Study and teaching |
| Geographic subdivision | United States |
| 942 ## - ADDED ENTRY ELEMENTS (KOHA) | |
| Source of classification or shelving scheme | Dewey Decimal Classification |
| Koha item type | Circulation |
| Withdrawn status | Lost status | Source of classification or shelving scheme | Damaged status | Not for loan | Collection code | Home library | Current library | Date acquired | Source of acquisition | Total Checkouts | Full call number | Barcode | Date last seen | Copy number | Cost, replacement price | Price effective from | Koha item type |
|---|---|---|---|---|---|---|---|---|---|---|---|---|---|---|---|---|---|
| Dewey Decimal Classification | Circulation | UM Digos College - LIC | UM Digos College - LIC | 09/24/2010 | Purchased | DC 370.1170973 C38 2010 | 20872 | 05/15/2025 | 1 | 3738.90 | 03/22/2016 | Circulation |
